[Event "LXXV C.to Italiano"]
[Site "Milano ITA"]
[Date "2015.12.11"]
[Round "10"]
[White "Valsecchi, Alessio"]
[Black "Brunello, Sabino"]
[WhiteElo "2466"]
[BlackElo "2562"]
[Result "1-0"]
[PlyCount "77"]
[EventDate "2015.11.29"]

1. d4 Nf6 2. c4 e6 3. Nc3 d5 4. Nf3 c6 5. g3 Nbd7 6. Bg2 dxc4 7. a4 Be7 8. O-O
O-O 9. e4 e5 10. dxe5 Ng4 11. Bf4 Qa5 12. e6 fxe6 13. Qe2 Nge5 14. Nxe5 Nxe5
15. Bxe5 Qxe5 16. Kh1 Qc5 17. e5 Bd7 18. f4 Rad8 19. Ne4 Qb4 20. Rfc1 Be8 21.
Rxc4 Qb3 22. Rc3 Qb4 23. a5 a6 24. Qc2 Bg6 25. Rb3 Rd2 26. Rxb4 Rxc2 27. Nd6
Bxd6 28. exd6 Rd8 29. Rd1 Bh5 30. Re1 Rxd6 31. Rxb7 Rdd2 32. Be4 Rxh2+ 33. Kg1
Rxb2 34. Bxc6 Ra2 35. f5 Rhe2 36. Rd1 exf5 37. Rd8+ Be8 38. Bd5+ Kf8 39. Rf7+
1-0

[Event "LXXV C.to Italiano"]
[Site "Milano ITA"]
[Date "2015.12.11"]
[Round "11"]
[White "Basso, Pier Luigi"]
[Black "Bove, Alessandro"]
[WhiteElo "2435"]
[BlackElo "2360"]
[Result "1-0"]
[PlyCount "45"]
[EventDate "2015.11.29"]

1. d4 d5 2. c4 e6 3. Nc3 Bb4 4. cxd5 exd5 5. Nf3 Nf6 6. Bg5 Qd6 7. e3 Ne4 8.
Bf4 Nxc3 9. Bxd6 Nxd1+ 10. Bxb4 Nxb2 11. Rc1 c6 12. Ba3 Na4 13. Bd3 f6 14. e4
Nb6 15. O-O Kf7 16. Rfe1 Be6 17. exd5 Nxd5 18. Nd2 Nf4 19. Bc4 g5 20. Rxe6 Nxe6
21. Re1 Rd8 22. Rxe6 Rd7 23. g4 1-0

[Event "LXXV C.to Italiano"]
[Site "Milano ITA"]
[Date "2015.12.11"]
[Round "11"]
[White "Brunello, Sabino"]
[Black "Rombaldoni, Axel"]
[WhiteElo "2562"]
[BlackElo "2539"]
[Result "1-0"]
[PlyCount "119"]
[EventDate "2015.11.29"]

1. d4 Nf6 2. c4 d6 3. Nf3 Nbd7 4. Nc3 e5 5. e4 Be7 6. Be2 O-O 7. O-O Re8 8. Qc2
exd4 9. Nxd4 Bf8 10. Rd1 Nc5 11. f3 a5 12. Kh1 c6 13. Bg5 Be7 14. Be3 Qc7 15.
g4 g6 16. Bh6 Bf8 17. Bxf8 Rxf8 18. Qd2 Qe7 19. Rg1 Ne8 20. Rae1 Ne6 21. f4
Nxd4 22. Qxd4 f6 23. Rd1 a4 24. Rg3 a3 25. b3 g5 26. f5 Ra5 27. h4 gxh4 28. Rh3
Rf7 29. Rxh4 Rg7 30. Kg2 Re5 31. Kf2 b5 32. cxb5 d5 33. bxc6 dxe4 34. Nd5 e3+
35. Nxe3 Re4 36. Qd5+ Kh8 37. Rh3 Re5 38. Qd8 Qb4 39. Qd4 Qb8 40. Bc4 Qc7 41.
Bd5 Nd6 42. Bg2 Nf7 43. Nc4 Re8 44. Re1 Ne5 45. Nxe5 fxe5 46. Qe4 Qd8 47. Bf3
Ba6 48. Rd1 Qg5 49. Rh5 Qe7 50. Rd7 Qc5+ 51. Kg2 Rxd7 52. cxd7 Rd8 53. f6 Rxd7
54. Rxe5 Rd2+ 55. Kh3 Bf1+ 56. Kh4 Rh2+ 57. Kg5 Qc1+ 58. Qe3 h6+ 59. Kg6 Qc2+
60. Qe4 1-0

[Event "LXXV C.to Italiano"]
[Site "Milano ITA"]
[Date "2015.12.11"]
[Round "11"]
[White "Godena, Michele"]
[Black "Borgo, Giulio"]
[WhiteElo "2508"]
[BlackElo "2372"]
[Result "1/2-1/2"]
[PlyCount "21"]
[EventDate "2015.11.29"]

1. e4 e6 2. d4 d5 3. Nd2 c5 4. Ngf3 cxd4 5. Nxd4 Nf6 6. exd5 Nxd5 7. N2f3 Bb4+
8. Bd2 Bxd2+ 9. Qxd2 O-O 10. Bc4 a6 11. O-O 1/2-1/2

[Event "LXXV C.to Italiano"]
[Site "Milano ITA"]
[Date "2015.12.11"]
[Round "11"]
[White "Moroni, Luca jr"]
[Black "Valsecchi, Alessio"]
[WhiteElo "2460"]
[BlackElo "2466"]
[Result "0-1"]
[PlyCount "80"]
[EventDate "2015.11.29"]

1. d4 Nf6 2. Nf3 g6 3. g3 Bg7 4. Bg2 d5 5. c4 dxc4 6. Na3 c3 7. bxc3 O-O 8. O-O
c5 9. Ne5 Nc6 10. Nxc6 bxc6 11. Nc4 Nd5 12. Bd2 Rb8 13. Ne5 Qc7 14. Qc1 Rd8 15.
Qa3 cxd4 16. cxd4 Bxe5 17. dxe5 Rb5 18. e4 Nb6 19. Bf4 Be6 20. Rfd1 Rxd1+ 21.
Rxd1 c5 22. Bf1 Rb4 23. Rc1 Rxe4 24. Rxc5 Qd7 25. Qc1 Rd4 26. Be2 Bc4 27. Bf3
Bd5 28. Qe3 Bxa2 29. e6 Bxe6 30. Rc7 Rd1+ 31. Bxd1 Qxd1+ 32. Kg2 Nd5 33. Qc1
Nxf4+ 34. gxf4 Bd5+ 35. Kg3 Qf3+ 36. Kh4 Qh5+ 37. Kg3 Qf3+ 38. Kh4 Qxf2+ 39.
Kg4 Qg2+ 40. Kh4 Qxh2+ 0-1

[Event "LXXV C.to Italiano"]
[Site "Milano ITA"]
[Date "2015.12.11"]
[Round "11"]
[White "Vocaturo, Daniele"]
[Black "Bellia, Fabrizio"]
[WhiteElo "2588"]
[BlackElo "2452"]
[Result "1-0"]
[PlyCount "69"]
[EventDate "2015.11.29"]

1. e4 e5 2. Nf3 Nc6 3. Bb5 a6 4. Ba4 Nf6 5. O-O Be7 6. Re1 b5 7. Bb3 d6 8. c3
O-O 9. h3 Na5 10. Bc2 c5 11. d4 Qc7 12. Nbd2 Bd7 13. Nf1 cxd4 14. cxd4 Nc6 15.
Be3 a5 16. Rc1 Qb7 17. a3 a4 18. Qe2 Rfe8 19. Bd3 Bd8 20. dxe5 Nxe5 21. Nxe5
dxe5 22. Bc5 Bb6 23. Bxb5 Ba5 24. Bxd7 Nxd7 25. Red1 Nxc5 26. Rxc5 Bb6 27. Rc2
Bd4 28. Nd2 h6 29. Nf3 Bb6 30. Rd5 Rad8 31. Qb5 Rb8 32. Qxa4 Rec8 33. Nxe5 Rxc2
34. Qxc2 Rc8 35. Nc4 1-0

[Event "Festival SSM B Agosto"]
[Site "Milano ITA"]
[Date "2015.07.31"]
[Round "1"]
[White "Manzotti, Francesco"]
[Black "Invernizzi, Ferruccio"]
[WhiteElo "1774"]
[BlackElo "1615"]
[Result "1-0"]
[PlyCount "144"]
[EventDate "2015.07.31"]

1. b3 d6 2. Bb2 Nf6 3. e3 g6 4. Nf3 Bg7 5. h3 Nbd7 6. d4 c6 7. Nbd2 b5 8. d5
Bb7 9. dxc6 Bxc6 10. Nd4 Qb6 11. Nxc6 Qxc6 12. Nf3 O-O 13. Nd4 Qc7 14. Nxb5
Qa5+ 15. Bc3 Qb6 16. Be2 a6 17. Na3 Rac8 18. Nc4 Qc7 19. Ba5 Qc6 20. O-O d5 21.
Na3 Ne4 22. Rb1 Bc3 23. Bxc3 Nxc3 24. Qd3 Nxb1 25. Rxb1 Qc5 26. b4 Qc3 27. b5
Qxd3 28. Bxd3 axb5 29. Nxb5 Ne5 30. a4 Nxd3 31. cxd3 Ra8 32. Ra1 e6 33. Kf1
Rfb8 34. Nd4 Rb2 35. Nc6 Kf8 36. d4 Ke8 37. Ne5 Ke7 38. Nd3 Rc2 39. g3 f6 40.
Kg2 Kd6 41. a5 e5 42. Rb1 e4 43. Nc5 Rxc5 44. dxc5+ Kxc5 45. Rb7 h5 46. Rb6 Rf8
47. Re6 g5 48. a6 Rf7 49. g4 hxg4 50. hxg4 Kb5 51. Kf1 Ra7 52. Rxf6 Rxa6 53.
Rf5 Rg6 54. Rxd5+ Kc4 55. Rd4+ Kc3 56. Rxe4 Kd3 57. Rd4+ Kc3 58. Kg2 Rf6 59.
Rd5 Rg6 60. Kg3 Kc4 61. Rd8 Kc5 62. f4 gxf4+ 63. exf4 Kc6 64. g5 Kc7 65. Rd1
Rc6 66. Kg4 Rc2 67. g6 Rc4 68. Kg5 Rc2 69. g7 Rg2+ 70. Kf6 Rf2 71. f5 Rg2 72.
Kf7 Rg5 1-0

[Event "Festival SSM B Agosto"]
[Site "Milano ITA"]
[Date "2015.07.31"]
[Round "1"]
[White "Carbone, Lorenzo"]
[Black "Pollio, Ciro"]
[WhiteElo "1596"]
[BlackElo "1769"]
[Result "0-1"]
[PlyCount "116"]
[EventDate "2015.07.31"]

1. e4 c5 2. Nf3 Nc6 3. d4 cxd4 4. Nxd4 e5 5. Nb5 d6 6. N1c3 a6 7. Na3 Be7 8.
Nd5 Nf6 9. Nxe7 Qxe7 10. Bg5 b5 11. Bd3 O-O 12. O-O h6 13. Bxf6 Qxf6 14. c3 Qg5
15. Nc2 Be6 16. Ne3 Rfd8 17. Qf3 Na5 18. b3 Rac8 19. Rac1 Rc7 20. Rc2 Rdc8 21.
Rfc1 Nb7 22. Nd5 Bxd5 23. exd5 g6 24. c4 b4 25. Be2 f5 26. g3 Nc5 27. h4 Qf6
28. Qe3 Rh7 29. Kg2 Rcc7 30. Rh1 Rcf7 31. f4 exf4 32. Qxf4 Re7 33. Rf1 Re4 34.
Qd2 g5 35. hxg5 hxg5 36. Rh1 Rxh1 37. Kxh1 f4 38. Bh5 fxg3 39. Kg2 Rh4 40. Qd1
Rh2+ 41. Kg1 Rxc2 42. Qxc2 Qf2+ 43. Qxf2 gxf2+ 44. Kxf2 Nd3+ 45. Kg3 Kg7 46.
Kf3 Nc1 47. Ke4 Kf6 48. Bg4 Nxa2 49. c5 dxc5 50. d6 Nc3+ 51. Kd3 Nd5 52. Bf3
Nb6 53. Bg4 a5 54. Bh3 Kf7 55. Bg4 Ke8 56. Bf5 Kd8 57. Bg4 Nd7 58. Ke4 Nf6+ 0-1

[Event "Festival SSM B Agosto"]
[Site "Milano ITA"]
[Date "2015.07.31"]
[Round "1"]
[White "Santelli, Francesco"]
[Black "Pedroli, Marco"]
[WhiteElo "1759"]
[BlackElo "1592"]
[Result "1/2-1/2"]
[PlyCount "106"]
[EventDate "2015.07.31"]

1. e4 d5 2. exd5 Qxd5 3. Nc3 Qa5 4. d4 Nf6 5. h3 Bf5 6. Bd2 c6 7. Bc4 e6 8. a3
Qc7 9. Nf3 Nbd7 10. Nh4 Nb6 11. Bb3 Be4 12. Qe2 Bd5 13. Nxd5 Nbxd5 14. c4 Nb6
15. O-O Be7 16. Rfe1 O-O 17. Rac1 Qd7 18. Nf3 Rfe8 19. c5 Nbd5 20. Rcd1 Qc7 21.
Ne5 Bf8 22. Bc2 g6 23. b4 Bg7 24. a4 Nd7 25. f4 Nxe5 26. dxe5 Bf8 27. Qc4 Rad8
28. Be4 a6 29. Bc1 Rd7 30. Rd3 Red8 31. Red1 Ne7 32. g4 Rxd3 33. Rxd3 Rxd3 34.
Qxd3 Nd5 35. Bd2 Be7 36. Kg2 Bh4 37. Kf3 Qd8 38. g5 h6 39. Bxg6 hxg5 40. Be4
gxf4 41. Bxf4 Nxf4 42. Qxd8+ Bxd8 43. Kxf4 Be7 44. Kg4 Kg7 45. h4 Kh6 46. Bf3
f5+ 47. exf6 Bxf6 48. b5 Bd4 49. bxa6 bxa6 50. Bxc6 a5 51. Bd7 Bxc5 52. Bxe6
Bb4 53. h5 Bd2 1/2-1/2

[Event "Festival SSM B Agosto"]
[Site "Milano ITA"]
[Date "2015.07.31"]
[Round "1"]
[White "Poletto, Daniele"]
[Black "Madaschi, Sergio"]
[WhiteElo "1712"]
[BlackElo "1523"]
[Result "1/2-1/2"]
[PlyCount "72"]
[EventDate "2015.07.31"]

1. c4 b6 2. Nf3 Bb7 3. g3 Nf6 4. Bg2 e6 5. b3 c5 6. Bb2 g6 7. O-O Bg7 8. d4
cxd4 9. Bxd4 Nc6 10. Bb2 O-O 11. Nc3 a6 12. e4 Nxe4 13. Qc2 Nxc3 14. Bxc3 Bxc3
15. Qxc3 Qe7 16. Rad1 d6 17. Rd2 Rad8 18. Rfd1 Rfe8 19. Qe3 Qc7 20. Qf4 e5 21.
Qh6 f6 22. Nh4 Nd4 23. Bd5+ Bxd5 24. cxd5 Qb7 25. Rc1 Rc8 26. Rxc8 Rxc8 27. f4
Rc1+ 28. Kf2 Rc2 29. Rxc2 Nxc2 30. Nxg6 hxg6 31. Qxg6+ Kf8 32. Qxc2 Qxd5 33.
Qc8+ Kg7 34. Qd7+ Kh6 35. Qh3+ Kg7 36. Qd7+ Kh6 1/2-1/2

[Event "Festival SSM B Agosto"]
[Site "Milano ITA"]
[Date "2015.07.31"]
[Round "1"]
[White "Marcuzzo, Stefano"]
[Black "Aloe, Giancarlo"]
[WhiteElo "1515"]
[BlackElo "1711"]
[Result "0-1"]
[PlyCount "48"]
[EventDate "2015.07.31"]

1. e4 c5 2. Nf3 e6 3. d4 cxd4 4. Nxd4 Nc6 5. Nc3 a6 6. Be3 Nf6 7. f4 Bb4 8.
Nxc6 bxc6 9. Bd3 O-O 10. O-O Bb7 11. Qf3 Qa5 12. Bd2 c5 13. a3 Bxc3 14. Bxc3
Qd8 15. Qe3 d6 16. e5 Nd5 17. Qh3 h6 18. Bd2 f5 19. g4 dxe5 20. fxe5 f4 21. c4
Ne3 22. Bg6 Qxd2 23. Rf2 Qd8 24. Re1 Qg5 0-1

[Event "Festival SSM B Agosto"]
[Site "Milano ITA"]
[Date "2015.07.31"]
[Round "1"]
[White "Colica, Daniele"]
[Black "Cerri, Luigi"]
[WhiteElo "1686"]
[BlackElo "1497"]
[Result "0-1"]
[PlyCount "58"]
[EventDate "2015.07.31"]

1. g4 d5 2. Bg2 Bxg4 3. c4 e6 4. Qb3 Nc6 5. cxd5 exd5 6. Bxd5 Be6 7. Bxe6 fxe6
8. Qxe6+ Qe7 9. Qxe7+ Bxe7 10. Nf3 Nf6 11. Nc3 Nb4 12. Kd1 O-O-O 13. a3 Nc6 14.
d3 Bc5 15. Ng5 Rhe8 16. f4 h6 17. Nh3 Nd4 18. b4 Nb3 19. Rb1 Nxc1 20. bxc5 Nxd3
21. Kc2 Nxc5 22. Rhg1 Nd5 23. Nxd5 Rxd5 24. Rg2 Re3 25. Ng1 Ne4 26. Nf3 Rc3+
27. Kb2 Rb5+ 28. Ka2 Rc2+ 29. Ka1 Nc3 0-1

[Event "Festival SSM B Agosto"]
[Site "Milano ITA"]
[Date "2015.07.31"]
[Round "1"]
[White "Bonghi, Fabrizio"]
[Black "Forti, Francesco"]
[WhiteElo "1481"]
[BlackElo "1647"]
[Result "1-0"]
[PlyCount "67"]
[EventDate "2015.07.31"]

1. d4 Nf6 2. c4 g6 3. Nf3 Bg7 4. Nc3 d6 5. e4 O-O 6. Be2 Nbd7 7. O-O c5 8. d5
Ne8 9. Bg5 Nc7 10. Qd2 Re8 11. a3 Nf6 12. Nh4 Bd7 13. f4 Nxe4 14. Nxe4 f6 15.
f5 fxg5 16. Nxg5 gxf5 17. Nxf5 Bxf5 18. Rxf5 e6 19. dxe6 Nxe6 20. Qd5 Qe7 21.
Bg4 Bxb2 22. Rb1 Bd4+ 23. Kh1 Bf6 24. Rxb7 Qxb7 25. Qxb7 Bxg5 26. Qf7+ Kh8 27.
Rd5 Nf4 28. h4 Re7 29. Qf5 Nxd5 30. Qxd5 Re1+ 31. Kh2 Bf4+ 32. g3 Bxg3+ 33.
Kxg3 Rg8 34. Kf2 1-0

[Event "Festival SSM B Agosto"]
[Site "Milano ITA"]
[Date "2015.07.31"]
[Round "1"]
[White "Scovazzi, Tullio"]
[Black "Bossoni, Alessandra"]
[WhiteElo "1643"]
[BlackElo "1456"]
[Result "0-1"]
[PlyCount "64"]
[EventDate "2015.07.31"]

1. e4 d6 2. d4 Nf6 3. Nc3 g6 4. Bg5 Bg7 5. f4 h6 6. Bh4 Nc6 7. Nf3 a6 8. Be2 b5
9. a3 b4 10. axb4 Nxb4 11. Qd2 Bb7 12. O-O a5 13. d5 c6 14. dxc6 Bxc6 15. Rfe1
Qb6+ 16. Bf2 Qb7 17. Bd3 Nxd3 18. cxd3 Ng4 19. Bg3 Qb6+ 20. Kf1 O-O 21. h3 Nf6
22. Bf2 Qb7 23. Nd4 e5 24. Nxc6 Qxc6 25. Bg3 Nh5 26. Bh2 exf4 27. Nd5 Qb7 28.
Rxa5 Rxa5 29. Qxa5 Qxb2 30. Qb6 Qxb6 31. Nxb6 Ng3+ 32. Kf2 Bd4+ 0-1

[Event "Festival SSM B Agosto"]
[Site "Milano ITA"]
[Date "2015.07.31"]
[Round "1"]
[White "Mingolla, Patrizio"]
[Black "Fantina, Carla"]
[WhiteElo "1626"]
[BlackElo "1314"]
[Result "1-0"]
[PlyCount "49"]
[EventDate "2015.07.31"]

1. e4 d6 2. d4 Nf6 3. Nc3 g6 4. Nf3 Bg7 5. Bc4 O-O 6. h3 Nxe4 7. Nxe4 d5 8.
Bxd5 Qxd5 9. Nc3 Qe6+ 10. Be3 Qb6 11. Rb1 c6 12. O-O Nd7 13. Qd2 Nf6 14. Bg5
Re8 15. Rfe1 e6 16. Ne5 a5 17. Nc4 Qd8 18. Qe3 b5 19. Ne5 Bd7 20. Qf3 Rc8 21.
Ne4 h6 22. Bxf6 Re7 23. Bxg7 Kxg7 24. Qf6+ Kg8 25. Nd6 1-0

[Event "Festival SSM B Agosto"]
[Site "Milano ITA"]
[Date "2015.08.01"]
[Round "2"]
[White "Cerri, Luigi"]
[Black "Manzotti, Francesco"]
[WhiteElo "1497"]
[BlackElo "1774"]
[Result "0-1"]
[PlyCount "38"]
[EventDate "2015.07.31"]

1. d4 Nf6 2. c4 g6 3. Nc3 Bg7 4. e4 d6 5. f3 c6 6. Bg5 a6 7. a4 a5 8. Qd2 Na6
9. Nge2 Nb4 10. Ng3 O-O 11. Be2 h5 12. O-O Qb6 13. Rf2 Qc7 14. f4 Nh7 15. Bh4
Bh6 16. Qd1 e5 17. Bxh5 gxh5 18. f5 f6 19. Qxh5 Be3 0-1

[Event "Festival SSM B Agosto"]
[Site "Milano ITA"]
[Date "2015.08.01"]
[Round "2"]
[White "Pollio, Ciro"]
[Black "Mingolla, Patrizio"]
[WhiteElo "1769"]
[BlackElo "1626"]
[Result "1/2-1/2"]
[PlyCount "95"]
[EventDate "2015.07.31"]

1. d4 d5 2. c4 e6 3. cxd5 exd5 4. Nc3 Nf6 5. Bg5 c6 6. e3 Bd6 7. Nf3 Nbd7 8.
Bd3 a6 9. O-O O-O 10. a3 Qc7 11. h3 Re8 12. Qc2 g6 13. Rfc1 Nh5 14. Nxd5 Qb8
15. Nc3 Nf8 16. Ne4 Be7 17. Bxe7 Rxe7 18. Qc5 Qc7 19. Qd6 Ne6 20. Qxc7 Nxc7 21.
g4 f5 22. Nd6 fxg4 23. Nxc8 Rxc8 24. hxg4 Nf6 25. Ne5 Rd8 26. Bc4+ Kg7 27. Bb3
Nb5 28. Rd1 c5 29. a4 Nc7 30. f4 cxd4 31. Rxd4 Rxd4 32. exd4 Ne6 33. Bxe6 Rxe6
34. Rc1 Nd5 35. f5 gxf5 36. gxf5 Rf6 37. Rc5 Rd6 38. Nc4 Rd7 39. Ne5 Rd6 40.
Kf2 Kf6 41. Nc4 Rd7 42. Ne3 Nf4 43. Kf3 Nd3 44. Rc8 Rxd4 45. Rc7 Ne5+ 46. Ke2
Rd7 47. Rxd7 Nxd7 48. b4 1/2-1/2

[Event "Festival SSM B Agosto"]
[Site "Milano ITA"]
[Date "2015.08.01"]
[Round "2"]
[White "Cavalieri, Riccardo"]
[Black "Bonghi, Fabrizio"]
[WhiteElo "1744"]
[BlackElo "1481"]
[Result "1-0"]
[PlyCount "39"]
[EventDate "2015.07.31"]

1. e4 c5 2. Nf3 d6 3. d4 cxd4 4. Nxd4 Nf6 5. Nc3 a6 6. Bc4 b5 7. Bb3 Bb7 8. f3
g6 9. Be3 Bg7 10. Qd2 O-O 11. h4 e5 12. Nde2 b4 13. Nd5 Nc6 14. Nb6 Rb8 15.
O-O-O Ne8 16. h5 Nd4 17. Nxd4 exd4 18. Bxd4 a5 19. hxg6 hxg6 20. Bxg7 1-0

[Event "Festival SSM B Agosto"]
[Site "Milano ITA"]
[Date "2015.08.01"]
[Round "2"]
[White "Aloe, Giancarlo"]
[Black "Colombo, Abner"]
[WhiteElo "1711"]
[BlackElo "1307"]
[Result "1-0"]
[PlyCount "59"]
[EventDate "2015.07.31"]

1. d4 Nf6 2. Nf3 d5 3. g3 g6 4. Bg2 Bg7 5. O-O O-O 6. Nbd2 Bf5 7. c4 c5 8. e3
Nc6 9. a3 b6 10. b3 Qd7 11. Bb2 Bh3 12. Rc1 Bxg2 13. Kxg2 h6 14. Re1 Nh7 15.
cxd5 Qxd5 16. e4 Qh5 17. Nc4 Rad8 18. d5 Bxb2 19. Nxb2 g5 20. Qe2 Na5 21. b4
Nb3 22. Rc3 g4 23. Rxb3 Qh3+ 24. Kh1 gxf3 25. Rxf3 cxb4 26. axb4 e5 27. Rf5 Ng5
28. f4 exf4 29. Rxf4 f5 30. Rh4 1-0

[Event "Festival SSM B Agosto"]
[Site "Milano ITA"]
[Date "2015.08.01"]
[Round "2"]
[White "Bossoni, Alessandra"]
[Black "Santelli, Francesco"]
[WhiteElo "1456"]
[BlackElo "1759"]
[Result "0-1"]
[PlyCount "72"]
[EventDate "2015.07.31"]

1. e4 d5 2. exd5 Qxd5 3. Nc3 Qa5 4. d4 Nf6 5. Nf3 Ne4 6. Bd2 Nxd2 7. Qxd2 c6 8.
Be2 Bf5 9. O-O e6 10. a3 Nd7 11. Bd3 Bg4 12. Qg5 Qxg5 13. Nxg5 Nf6 14. Nge4 Be7
15. h3 Bh5 16. Ng3 Rd8 17. Nxh5 Nxh5 18. Be2 Nf4 19. Rad1 Bf6 20. Bf3 Bxd4 21.
Rfe1 Bxc3 22. Rxd8+ Kxd8 23. bxc3 Kc7 24. Rd1 b5 25. Kf1 f6 26. Rd4 e5 27. Rd1
g6 28. h4 f5 29. g3 Ne6 30. g4 Nc5 31. gxf5 gxf5 32. Ke2 Rg8 33. Ke3 Na4 34.
Kd2 Rd8+ 35. Ke3 f4+ 36. Ke2 Nxc3+ 0-1

[Event "Festival SSM B Agosto"]
[Site "Milano ITA"]
[Date "2015.08.01"]
[Round "2"]
[White "Colonetti, Fabio"]
[Black "Poletto, Daniele"]
[WhiteElo "1642"]
[BlackElo "1712"]
[Result "1-0"]
[PlyCount "65"]
[EventDate "2015.07.31"]

1. e4 c5 2. Nf3 e6 3. d4 cxd4 4. Nxd4 a6 5. c4 Nf6 6. Nc3 Qc7 7. Be3 Nc6 8. f3
b6 9. Be2 Bb7 10. O-O Nxd4 11. Qxd4 Bc5 12. Qd2 Bxe3+ 13. Qxe3 Qc5 14. Qxc5
bxc5 15. e5 Ng8 16. Rad1 Bc6 17. Bd3 Ne7 18. Be4 Rc8 19. f4 Ng6 20. Rd6 Ke7 21.
g3 Rc7 22. Rfd1 Rb8 23. Bxc6 dxc6 24. b3 h5 25. Ne4 h4 26. Nxc5 Rb6 27. Rd7+
Rxd7 28. Rxd7+ Ke8 29. Ra7 hxg3 30. hxg3 Nf8 31. Ra8+ Ke7 32. Rxf8 a5 33. Ra8
1-0

[Event "Festival SSM B Agosto"]
[Site "Milano ITA"]
[Date "2015.08.01"]
[Round "2"]
[White "Madaschi, Sergio"]
[Black "Colica, Daniele"]
[WhiteElo "1523"]
[BlackElo "1686"]
[Result "1/2-1/2"]
[PlyCount "90"]
[EventDate "2015.07.31"]

1. e4 d5 2. exd5 Nf6 3. Bb5+ Bd7 4. Bxd7+ Qxd7 5. c4 c6 6. Nc3 cxd5 7. cxd5
Nxd5 8. d4 e6 9. Nf3 Nc6 10. O-O Be7 11. Re1 O-O 12. Ne5 Nxe5 13. dxe5 Rfd8 14.
Bd2 Nb4 15. Be3 Nd3 16. Re2 Nxe5 17. Bxa7 Nf3+ 18. gxf3 Qxd1+ 19. Rxd1 Rxd1+
20. Nxd1 Rxa7 21. a3 Ra5 22. Nc3 Kf8 23. Re4 Rc5 24. Kg2 b5 25. Re2 Rg5+ 26.
Kf1 Ke8 27. Ne4 Re5 28. Nc3 Rxe2 29. Kxe2 b4 30. axb4 Bxb4 31. Kd3 Kd7 32. Kc4
Bd6 33. h3 f5 34. b4 Kc6 35. Nb5 Be5 36. Na7+ Kb7 37. Nb5 g5 38. Nd4 h5 39.
Nxe6 g4 40. hxg4 hxg4 41. fxg4 fxg4 42. Kd5 Bh2 43. Nc5+ Kc7 44. Nd3 Kb6 45.
Kc4 Bg1 1/2-1/2

[Event "Festival SSM B Agosto"]
[Site "Milano ITA"]
[Date "2015.08.01"]
[Round "2"]
[White "Forti, Francesco"]
[Black "Marcuzzo, Stefano"]
[WhiteElo "1647"]
[BlackElo "1515"]
[Result "1/2-1/2"]
[PlyCount "71"]
[EventDate "2015.07.31"]

1. d4 d5 2. c4 e6 3. Nc3 Nf6 4. Bg5 Be7 5. Nf3 O-O 6. e3 h6 7. Bh4 b6 8. Bxf6
Bxf6 9. cxd5 exd5 10. Rc1 Be6 11. Bb5 c6 12. Ba4 b5 13. Bb3 a5 14. a3 Be7 15.
O-O Nd7 16. Ne2 Rc8 17. Qd3 Bd6 18. Rc2 Nb6 19. Ba2 Nc4 20. Nd2 a4 21. e4 Qd7
22. e5 Be7 23. Ng3 c5 24. Nf3 cxd4 25. Nxd4 Bc5 26. Nf3 Rfe8 27. Rd1 Rcd8 28.
Re2 Ba7 29. Ne1 Bb8 30. f4 Qc6 31. Nf3 Ba7+ 32. Kh1 Qc5 33. Nf1 b4 34. axb4
Qxb4 35. Bxc4 Qxc4 36. Nd4 1/2-1/2

[Event "Festival SSM B Agosto"]
[Site "Milano ITA"]
[Date "2015.08.01"]
[Round "2"]
[White "Scovazzi, Tullio"]
[Black "Vece, Luigi"]
[WhiteElo "1643"]
[BlackElo "1565"]
[Result "0-1"]
[PlyCount "120"]
[EventDate "2015.07.31"]

1. e4 c5 2. d4 e6 3. Nf3 cxd4 4. c3 dxc3 5. Nxc3 Bb4 6. Bc4 Qc7 7. Qd3 Nc6 8.
O-O a6 9. a3 Be7 10. Be3 Nf6 11. Rac1 O-O 12. Ba2 b5 13. Qe2 Bb7 14. Nd5 Nxd5
15. exd5 exd5 16. Bxd5 Qb8 17. Rfd1 Bf6 18. Ba2 d6 19. Bb1 g6 20. Qd2 Ne5 21.
Nxe5 Bxe5 22. f4 Bg7 23. b3 d5 24. Bd4 Bxd4+ 25. Qxd4 Qd6 26. b4 Rac8 27. Ba2
Rxc1 28. Rxc1 Rd8 29. g3 Re8 30. Bb1 Re2 31. Rd1 Qe6 32. Bd3 Ra2 33. Qa7 Qc6
34. Qb8+ Kg7 35. Qe5+ Qf6 36. Bf1 Qxe5 37. fxe5 Rxa3 38. Bg2 Rb3 39. Rd4 Kf8
40. Kf2 Ke7 41. Bh3 Bc6 42. Bg4 Rb2+ 43. Kg1 h5 44. Bc8 Re2 45. Bxa6 Rxe5 46.
Rd2 Re4 47. Rc2 Rc4 48. Rb2 Rc1+ 49. Kf2 Rh1 50. Ke3 Kd6 51. Bc8 g5 52. Bf5 Ke5
53. Rc2 Kxf5 54. Rxc6 Rxh2 55. Rc5 Ke5 56. Rxb5 Rb2 57. Kd3 Rb3+ 58. Kc2 Rxg3
59. Ra5 Kd6 60. Ra8 h4 0-1

[Event "Festival SSM B Agosto"]
[Site "Milano ITA"]
[Date "2015.08.01"]
[Round "2"]
[White "Invernizzi, Ferruccio"]
[Black "Bracco, Valter"]
[WhiteElo "1615"]
[BlackElo "1400"]
[Result "1/2-1/2"]
[PlyCount "65"]
[EventDate "2015.07.31"]

1. e4 c6 2. d4 d5 3. exd5 cxd5 4. c4 Nf6 5. Nc3 e6 6. Nf3 Nc6 7. Bg5 Be7 8.
cxd5 Nxd5 9. Nxd5 Qxd5 10. Bxe7 Nxe7 11. b3 Qa5+ 12. Nd2 O-O 13. Rc1 Bd7 14.
Be2 Rac8 15. O-O Rxc1 16. Qxc1 Rc8 17. Qb2 Qc3 18. Qxc3 Rxc3 19. Nc4 Rc2 20.
Bf3 Bc6 21. Bxc6 Nxc6 22. Nd6 Rxa2 23. Nxb7 Nxd4 24. Rd1 e5 25. f4 f6 26. fxe5
fxe5 27. Nc5 Rc2 28. Nd7 Nxb3 29. Nxe5 Rc1 30. Rxc1 Nxc1 31. Kf2 Nb3 32. Ke3 g6
33. Kd3 1/2-1/2

[Event "Festival SSM B Agosto"]
[Site "Milano ITA"]
[Date "2015.08.01"]
[Round "2"]
[White "Fantina, Carla"]
[Black "Carbone, Lorenzo"]
[WhiteElo "1314"]
[BlackElo "1596"]
[Result "1/2-1/2"]
[PlyCount "50"]
[EventDate "2015.07.31"]

1. c4 c5 2. g3 g6 3. Bg2 Bg7 4. e4 e6 5. Ne2 Ne7 6. O-O O-O 7. d3 d5 8. Nbc3
dxc4 9. dxc4 Nbc6 10. Be3 b6 11. Qxd8 Rxd8 12. Rab1 Bb7 13. a3 Rd7 14. Rfd1
Rad8 15. Rxd7 Rxd7 16. h4 h5 17. Kh2 Ne5 18. b3 Ng4+ 19. Kh3 Nxe3 20. fxe3 Nc6
21. g4 hxg4+ 22. Kxg4 Ne5+ 23. Kf4 Nc6 24. Rd1 Bh6+ 25. Kf3 Ne5+ 1/2-1/2

[Event "Festival SSM B Agosto"]
[Site "Milano ITA"]
[Date "2015.08.02"]
[Round "3"]
[White "Manzotti, Francesco"]
[Black "Cavalieri, Riccardo"]
[WhiteElo "1774"]
[BlackElo "1744"]
[Result "1/2-1/2"]
[PlyCount "79"]
[EventDate "2015.07.31"]

1. c4 Nf6 2. g3 c6 3. Bg2 d5 4. Nf3 g6 5. O-O Bg7 6. Na3 O-O 7. Rb1 a5 8. b3
Na6 9. Nc2 Nb4 10. a3 Nxc2 11. Qxc2 Bf5 12. d3 d4 13. b4 axb4 14. axb4 Ne8 15.
Bf4 f6 16. Bd2 e5 17. Qb3 Nc7 18. Ne1 Be6 19. Nc2 Qd7 20. Rfe1 Rfd8 21. Qb2 Ra7
22. Ra1 Rda8 23. Rxa7 Rxa7 24. Ra1 Rxa1+ 25. Qxa1 b5 26. Na3 Bf8 27. f4 Bh6 28.
Qc1 Na6 29. cxb5 cxb5 30. Qc6 Qxc6 31. Bxc6 Bf8 32. Nxb5 Nxb4 33. Bxb4 Bxb4 34.
fxe5 fxe5 35. Nc7 Bb3 36. Bd5+ Bxd5 37. Nxd5 Bd2 38. Kf2 Kf7 39. Kf3 Ba5 40. g4
1/2-1/2

[Event "Festival SSM B Agosto"]
[Site "Milano ITA"]
[Date "2015.08.02"]
[Round "3"]
[White "Santelli, Francesco"]
[Black "Aloe, Giancarlo"]
[WhiteElo "1759"]
[BlackElo "1711"]
[Result "0-1"]
[PlyCount "104"]
[EventDate "2015.07.31"]

1. e4 c5 2. Nf3 e6 3. d4 cxd4 4. Nxd4 Nc6 5. Nc3 a6 6. Be3 Nf6 7. a3 Be7 8. Be2
O-O 9. O-O Qc7 10. f3 b5 11. Qe1 Ne5 12. Qg3 d6 13. Rad1 Bb7 14. Bd3 Rfe8 15.
Be2 Rad8 16. Bd3 Nc4 17. Bc1 Nxa3 18. Nce2 Nc4 19. Nf4 Qc5 20. Bxc4 bxc4 21.
Be3 e5 22. Nf5 Qxe3+ 23. Nxe3 exf4 24. Qxf4 Nh5 25. Qf5 g6 26. Qa5 Rc8 27. Nd5
Bd8 28. Qb4 Bxd5 29. Rxd5 Nf4 30. Rd2 Bg5 31. Rdd1 c3 32. g3 Ne6 33. bxc3 Be3+
34. Kg2 Bc5 35. Qa4 h5 36. Rb1 g5 37. Rb7 Rf8 38. Qd7 Ba3 39. Rb6 Rxc3 40. Rc6
Bc5 41. Rf2 a5 42. Rc8 a4 43. Rxf8+ Kxf8 44. Rd2 a3 45. Qa4 Re3 46. Qc4 g4 47.
fxg4 hxg4 48. h3 gxh3+ 49. Kxh3 Ng5+ 50. Kg4 Rxe4+ 51. Qxe4 Nxe4 52. Re2 a2 0-1